000 00577cam a22002291 4500
001 sa 65002784
003 DLC
005 20260227112119.0
008 890522s1964 xx 000 0 beno
010 _asa 65002784
035 _a(OCoLC)23559824
040 _aDLC
_cMiU
_dDLC
042 _apremarc
043 _aa-ii---
050 0 0 _aML338.C515
_bS35
100 1 _aChaudhuri, Narayan,
_d1912-
245 1 0 _aSaṅgīta-parikramā.
260 _c[1964]
300 _a10, 227 p.
_bports.
_c23 cm.
500 _aRomanized.
650 0 _aMusic
_zIndia
_xHistory and criticism.
999 _c62815
_d62815